Normal view MARC view
  • PATEL, DR. OJASH B. PATEL, DR. HARSHA U. PATEL, MS. MONA R

Entry Personal Name

Number of records used in: 1

001 - CONTROL NUMBER

  • control field: 8744

003 - CONTROL NUMBER IDENTIFIER

  • control field: JRU

005 - DATE AND TIME OF LATEST TRANSACTION

  • control field: 20251119182010.0

008 - FIXED-LENGTH DATA ELEMENTS

  • fixed length control field: 251119|| aca||aabn | a|a d

040 ## - CATALOGING SOURCE

  • Original cataloging agency: JRU
  • Transcribing agency: JRU

100 ## - HEADING--PERSONAL NAME

  • Personal name: PATEL, DR. OJASH B. PATEL, DR. HARSHA U. PATEL, MS. MONA R

670 ## - SOURCE DATA FOUND

  • Source citation: Work cat.: (JRU)8916: PATEL, DR. OJASH B. PATEL, DR. HARSHA U. PATEL, MS. MONA R., A TEXTBOOK OF PHARMACEUTICAL INORGANIC CHEMISTRY: FOR THE STUDENTS OF B.PHARMA [ 1ST SEMESTER], 2025